000 00421nam a2200157 a 4500
005 20140310182406.0
008 040429s19uu xx 00 eng d
050 _aBQ 860
_b.St887 1978
245 _aThe story of Buddha /
260 _aNew Delhi :
_bHemkunt Press,
_c1978.
300 _a118 p. :
_bill. (some col.) ;
_c18 cm.
650 _aGautama Buddha.
650 _aBuddha.
942 _cBK
_2lcc
999 _c12711
_d12711